| 000 | 01079nam a2200253Ia 4500 | ||
|---|---|---|---|
| 003 | OSt | ||
| 005 | 20220923211012.0 | ||
| 006 | a|||||r|||| 00| 0 | ||
| 007 | ta | ||
| 008 | 220922b |||||||| |||| 00| 0 hin d | ||
| 020 |
_a8170552087 (hbk) _c125 |
||
| 024 | _a234,659 | ||
| 037 |
_b486, 21/03/2008, Vani Prakashan _cTextual |
||
| 040 |
_aARTS _cARTS _bhin |
||
| 041 |
_2hin _ahin |
||
| 082 | _aP152.29W, N0 | ||
| 100 |
_aजीनी, सी. इ. _9157030 |
||
| 245 | 0 |
_aपुर्वांचल प्रदेश में हिंदी भाषा और साहित्य _b प्रचार - प्रसार और वर्तमान स्थिति |
|
| 246 | _aPurvāanchal pradesh mean hiandī bhāṣhā aur sāhitya: prachār - prasār aur vartamān sthiti: ek mūlyāankana | ||
| 260 |
_aनयी दिल्ली _b वाणी प्रकाशन _c1990 |
||
| 300 |
_a240पृ. _ccm. |
||
| 942 |
_hP152.29W, N0 _cTEXL _2CC |
||
| 999 |
_c293754 _d293754 |
||